000 00506nam a22001577a 4500
020 _a978-0-8423-8104-8
082 _a823
_bBRU/F
100 _aBRUNER, KURT
100 _aWARE, JIM
245 _aFINDING GOD IN THE LAND OF NARNI
260 _aUSA
_bTYNDALE
300 _a185
520 _aIt's the story of young Morgan Izaak, a twelve-year-old boy who is obsessed with his missing father's ancient books about alchemy and the legendary Philosopher's Stone.
650 _aENGLISH STORY
_zUSA
942 _cBK
999 _c7302
_d7302